LEADER 00868cam2 22002653 450 001 SOBE00076320 005 20230623103356.0 100 $a20230623d2001 |||||ita|0103 ba 101 $aita 102 $aIT 200 0 $a2$fFrancesco Capriglione 205 $a2. ed 210 $aPadova$cCedam$d2001 215 $aP. XI, 747-1272$d24 cm 461 1$1001SOBE00076318$12001 $aCommentario al testo unico delle leggi in materia bancaria e creditizia / Francesco Capriglione 700 1$aCapriglione$b, Francesco$3AF00006800$4070$0108716 801 0$aIT$bUNISOB$c20230623$gRICA 850 $aUNISOB 852 $aUNISOB$j340$m107131 912 $aSOBE00076320 940 $aM 102 Monografia moderna SBN 941 $aW 957 $a340$b003316$i-2$gSI$d107131$1rovito$2UNISOB$3UNISOB$420230623103331.0$520230623103356.0$6rovito 996 $a2$93384266 997 $aUNISOB LEADER 01469nam0 22003131i 450 001 UON00296019 005 20231205103942.818 100 $a20070528d1974 |0itac50 ba 101 $afre 102 $aCH 105 $a|||| 1|||| 200 1 $aPrélude au siècle des lumières en France$erépertoire chronologique de 1680 à 1715. 5: Supplément$eIndex, première partie$fPierre M. Conlon 210 $aGenève$cLibrairie Droz$d1974 215 $a333 p.$d23 cm. 410 1$1001UON00172967$12001 $aHistoire des Idées et Critique Littéraire$v139 606 $aBIBLIOGRAFIA FRANCESE$xSec. 18.$3UONC064757$2FI 606 $aFrancia$xStoria$xSec. 17.$xBibliografia$3UONC064609$2FI 606 $aILLUMINISMO$xFrancia$xBibliografia$3UONC059533$2FI 606 $aLetteratura francese$xSec. 17.$xBibliografia$3UONC064599$2FI 620 $aCH$dGenève$3UONL003003 676 $a016.944033$cBibliografie e cataloghi di storia della Francia, 1643-1715$v21 700 1$aConlon$bPierre M.$3UONV114739$00 712 $aLibrairie Droz$3UONV246942$4650 801 $aIT$bSOL$c20260403$gRICA 899 $aSIBA - SISTEMA BIBLIOTECARIO DI ATENEO E ARCHIVIO STORICO$2UONSI 912 $aUON00296019 950 $aSIBA - SISTEMA BIBLIOTECARIO DI ATENEO E ARCHIVIO STORICO$dSI S.C I B 40 e $eSI LO 2798 7 40 e 996 $aPrélude au siècle des lumières en France$9148212 997 $aUNIOR